| 000 | 00759nam a2200241 i 4500 | ||
|---|---|---|---|
| 001 | bg | ||
| 100 | 1 | _aOLEARCZUK, Eugeniusz | |
| 245 | 0 |
_aEksploatacja nieruchomości budynkowych : _bporadnik zarządcy / _cEugeniusz Olearczuk. |
|
| 260 |
_aWarszawa : _bCentralny Ośrodek Informacji Budownictwa PP, _c2005. |
||
| 300 |
_a143 s. : _bwykr. ; _c21 cm. |
||
| 504 | _aBibliogr. | ||
| 650 | 9 |
_aNieruchomości _xekonomika |
|
| 650 | 9 |
_aNieruchomości _xzarządzanie |
|
| 655 | _aPoradniki | ||
| 020 | _a8389144301 | ||
| 040 | _cBPK | ||
| 041 | 0 | _apol | |
| 080 | _a332.6/.8:347.2](083.1) | ||
| 920 | _a83-89144-30-1 | ||
| 942 | _cKS | ||
| 008 | s pl f |000 0 pol | ||
| 999 |
_c53226 _d53226 |
||
| 856 |
_uhttp://koha.tu.koszalin.pl/cgi-bin/koha/opac-detail.pl?biblionumber=53226 _yKatalog online BPK |
||